00317 a2200133 450000100060000002000270000604000220003310000180005524000400007324500350011330000090014836200090015765000170016663911 a9788524916465 (broch.) cAnchieta - Pituba aFreire, Paulo10aA importância do ato de ler lpor10aA importância do ato de ler  a96p.0 a1921 4aEducação